<?xml version="1.0" encoding="UTF-8"?>
<record
    xmlns:xsi="http://www.w3.org/2001/XMLSchema-instance"
    xsi:schemaLocation="http://www.loc.gov/MARC21/slim http://www.loc.gov/standards/marcxml/schema/MARC21slim.xsd"
    xmlns="http://www.loc.gov/MARC21/slim">

  <leader>01245nam a2200277 a 4500</leader>
  <controlfield tag="001">BRCA_4360</controlfield>
  <controlfield tag="005">20190320204636.0</controlfield>
  <controlfield tag="008">150710s1826----mx-#######---#000-0#spa-#</controlfield>
  <datafield tag="041" ind1=" " ind2=" ">
    <subfield code="a">spa</subfield>
  </datafield>
  <datafield tag="044" ind1=" " ind2=" ">
    <subfield code="a">mx</subfield>
  </datafield>
  <datafield tag="050" ind1=" " ind2="4">
    <subfield code="a">F1230.C6</subfield>
    <subfield code="b">.L67 2</subfield>
    <subfield code="c">1826</subfield>
  </datafield>
  <datafield tag="100" ind1="1" ind2=" ">
    <subfield code="a">Lopez de Gom&#xE1;ra, Francisco</subfield>
    <subfield code="d">1511-1566 (?)</subfield>
    <subfield code="9">11126</subfield>
  </datafield>
  <datafield tag="245" ind1="1" ind2="0">
    <subfield code="a">Historia de las conquistas de Hernando Cort&#xE9;s</subfield>
    <subfield code="c">escrita en espa&#xF1;ol por Francisco Lopez de Gom&#xE1;ra ; traducida al mexicano y aprobada por verdadera por Juan Bautista de San Anton Mu&#xF1;on Chimalpain Quauhtlehuanitzin ; publicada con varias notas y adiciones Carlos Mar&#xED;a de Bustamante.</subfield>
  </datafield>
  <datafield tag="260" ind1=" " ind2=" ">
    <subfield code="a">M&#xE9;xico</subfield>
    <subfield code="b">Ontiveros</subfield>
    <subfield code="c">1826</subfield>
  </datafield>
  <datafield tag="300" ind1=" " ind2=" ">
    <subfield code="a">187 p. (v.2)</subfield>
    <subfield code="c">20 cm.</subfield>
  </datafield>
  <datafield tag="500" ind1=" " ind2=" ">
    <subfield code="a">Incluye Suplemento: A la historia de las conquitas de Hernan Cort&#xE9;s escrita por Chimalpain e &#xED;ndice de la historia de las conquistas de Hernando Cort&#xE9;s</subfield>
  </datafield>
  <datafield tag="500" ind1=" " ind2=" ">
    <subfield code="a">Ver tambi&#xE9;n B99 (v.1)</subfield>
  </datafield>
  <datafield tag="500" ind1=" " ind2=" ">
    <subfield code="a">DD51</subfield>
  </datafield>
  <datafield tag="600" ind1="1" ind2="4">
    <subfield code="a">Cort&#xE9;s, Hernando</subfield>
    <subfield code="d">1485-1547</subfield>
    <subfield code="9">11127</subfield>
  </datafield>
  <datafield tag="650" ind1="1" ind2="4">
    <subfield code="a">Guerra Mixton</subfield>
    <subfield code="9">11128</subfield>
  </datafield>
  <datafield tag="651" ind1=" " ind2="4">
    <subfield code="a">M&#xE9;xico</subfield>
    <subfield code="x">Historia</subfield>
    <subfield code="z">Conquista, 1519-1540</subfield>
    <subfield code="9">11129</subfield>
  </datafield>
  <datafield tag="700" ind1="1" ind2=" ">
    <subfield code="a">Chimalpain Quauhtlehuanitzin, Juan Bautista de San Anton Mu&#xF1;on</subfield>
    <subfield code="9">11130</subfield>
  </datafield>
  <datafield tag="700" ind1="1" ind2=" ">
    <subfield code="a">Bustamante, Carlos Mar&#xED;a de</subfield>
    <subfield code="9">11131</subfield>
  </datafield>
  <datafield tag="902" ind1=" " ind2=" ">
    <subfield code="a">GFM</subfield>
  </datafield>
  <datafield tag="942" ind1=" " ind2=" ">
    <subfield code="2">lcc</subfield>
    <subfield code="c">B</subfield>
  </datafield>
  <datafield tag="999" ind1=" " ind2=" ">
    <subfield code="c">4071</subfield>
    <subfield code="d">4071</subfield>
  </datafield>
  <datafield tag="952" ind1=" " ind2=" ">
    <subfield code="0">0</subfield>
    <subfield code="1">0</subfield>
    <subfield code="4">0</subfield>
    <subfield code="7">0</subfield>
    <subfield code="a">BRCA</subfield>
    <subfield code="b">BRCA</subfield>
    <subfield code="d">2010-07-15</subfield>
    <subfield code="i">DD51</subfield>
    <subfield code="l">0</subfield>
    <subfield code="o">F1230.C6 .L67 2 1826 (DD51)</subfield>
    <subfield code="p">4357</subfield>
    <subfield code="r">2019-03-22 00:00:00</subfield>
    <subfield code="w">2019-03-22</subfield>
    <subfield code="y">B</subfield>
  </datafield>
</record>
